000 00482nam a2200169Ia 4500
003 OSt
005 20201005160629.0
008 190216s9999||||xx |||||||||||||| ||und||
040 _coclc
082 _a843.7
_bDUM/B
100 _aDumas alexandre
_94787
245 4 _aThe Black Tulip /
_cAlexandre Dumas
260 _bDean&Son Ltd,
_c1965.
_aLondon:
300 _a184p
650 _aEnglish Novel-English Novel
942 _cBK
_2ddc
_h843.7
_iDUM/B
_k843.7
_mDUM/B
999 _c11771
_d11771